000 00467nmm a2200157Ia 4500
008 251105s9999||||xx |||||||||||||||||und||
020 _a9791021304758
041 _aspa
100 _aCampo, Estanislao del
245 0 _aObras de Estanislao del Campo
264 _a[París, Francia] :
_bEdiciones la Biblioteca Digital,
_c2012
300 _a28 páginas
650 _aLatin American poetry
856 _uhttps://public.digitaliapublishing.com/a/26239
942 _cCF
999 _c97994
_d97994